Bibliographic description and access : ( LTIS023 )

محفوظ في:
التفاصيل البيبلوغرافية
المؤلف الرئيسي: Taylor, Alice
التنسيق: كتاب
اللغة:Undetermined
منشور في: Victoria, Australia Box Hill Institute 2002
الموضوعات:
الوسوم: إضافة وسم
لا توجد وسوم, كن أول من يضع وسما على هذه التسجيلة!
Thư viện lưu trữ: Trung tâm Học liệu Trường Đại học Cần Thơ
LEADER 00592nam a2200193Ia 4500
001 CTU_92192
008 210402s9999 xx 000 0 und d
082 |a 025.324 
082 |b T238 
100 |a Taylor, Alice 
245 0 |a Bibliographic description and access : 
245 0 |b ( LTIS023 ) 
245 0 |c Alice Taylor, Trish Dally 
260 |a Victoria, Australia 
260 |b Box Hill Institute 
260 |c 2002 
650 |a Descriptive catologing,International standard bibliographic description 
904 |i Minh, H.Mai 
980 |a Trung tâm Học liệu Trường Đại học Cần Thơ